000
00249nam a22001097a 4500
008
160510b xxu||||| |||| 00| 0 eng d
020
_a
0393924084
041
_a
eng
080
_a
547
245
_a
Organic chemistry:
_c
Maitland Jones;
942
_2
udc
_c
BK
999
_c
1966
_d
1966